000 00812nam a22002295i 4500
001 166419
003 ES-MaACL
005 20250817210338.0
008 050914s1891 fr | |||||||| ||fre d
040 _aCAM
_bspa
_cCAM
100 1 _aTolstói, Lev,
_d1828-1910
_9110489
245 1 0 _aPour les enfants /
_cComte Léon Tolstoï ; première traduction française par E. Tseytline et E. Jaubert.
250 _a[Nouvelle éd.].
260 _aParis :
_bAlbert Savine éditeur,
_c1891.
300 _a284 p. ;
_c18 cm.
595 _aLa mención de ed. tomada de la cub. original.
700 1 _aTseytline, Boris (
_d18..-1889)
_9111604
700 1 _aJaubert, Ernest,
_d1856-1942
_9128280
852 _aES-MaACL
_jF-9303
_z-- Enc. hol. conservando la cub. original
999 _c166419
_d166419